00827cam a2200229 a 450000100100000000500170001000800410002704000300006808200200009824501250011826000800024330000210032365000200034465000300036465000220039470000290041670000320044570000280047770000340050570000300053970000280056900001885020200929165852.0771205s1990 cu b f000 j spa d aDO-SdBNPbspacDLCdBNPHU aCu863.44bC965c00aCuentos cubanos del siglo XX /cselección y notas, Corina Hernández Novo ... [et al.] ; edición Laura Prieto Ruiz. aLa Habana, Cuba :bMinisterio de Educación,bPueblo y Educación,c1990. a107 p. ;c21 cm. 4aCuentos cubanos 4aCuentos cubanosySIGLO XX 4aLiteratura cubana1 aHernández Novo, Corina1 aRivero Casteleiro, Delia E.1 aOleaga Pérez, Armando1 aRojo Giraldo, María Antonia1 aBatista Ramírez, MartHA1 aPrieto Ruiz, Lauraeed.